Library Logo

Pioneer International University Library Catalogue

LOSS OF EDEN: (Record no. 9724)

MARC details
000 -LEADER
fixed length control field 00591nam a22001697a 4500
003 - CONTROL NUMBER IDENTIFIER
control field OSt
005 - DATE AND TIME OF LATEST TRANSACTION
control field 20251029120543.0
008 - FIXED-LENGTH DATA ELEMENTS--GENERAL INFORMATION
fixed length control field 251029b |||||||| |||| 00| 0 eng d
020 ## - INTERNATIONAL STANDARD BOOK NUMBER
International Standard Book Number 0060165030
040 ## - CATALOGING SOURCE
Original cataloging agency ALMA HOCHAUSER ORESTEIN
Transcribing agency HARPERCOLLINS
050 ## - LIBRARY OF CONGRESS CALL NUMBER
Classification number TL 540 .M52 1993
Item number .M52 1993
245 ## - TITLE STATEMENT
Title LOSS OF EDEN:
Remainder of title A BIOGRAPHY OF CHARLES AND ANNE MORROW LINDBERGH/
Statement of responsibility, etc. MILTON, JOYCE
250 ## - EDITION STATEMENT
Edition statement FIRST EDITION
260 ## - PUBLICATION, DISTRIBUTION, ETC.
Place of publication, distribution, etc. NEW YORK
Name of publisher, distributor, etc. HARPERCOLLINS PUBLISHERS
Date of publication, distribution, etc. 1993
300 ## - PHYSICAL DESCRIPTION
Extent vi,520 P
Other physical details ill,:som col.:includes bibliographic references and index
Dimensions 22.6 cm
Accompanying material hardcover
942 ## - ADDED ENTRY ELEMENTS (KOHA)
Source of classification or shelving scheme Library of Congress Classification
Koha item type Books
Suppress in OPAC No
Holdings
Withdrawn status Lost status Source of classification or shelving scheme Damaged status Not for loan Home library Current library Date acquired Total checkouts Barcode Date last seen Price effective from Koha item type
    Library of Congress Classification     PIU Library PIU Library 10/30/2025   PIUDMUR724 10/30/2025 10/30/2025 Books